Los dioses del capital. : (Registro nro. 12027)

Detalles MARC
000 -LEADER
fixed length control field 02267nam a2200265Ia 4500
003 - CONTROL NUMBER IDENTIFIER
control field OSt
005 - DATE AND TIME OF LATEST TRANSACTION
control field 20210727133341.0
008 - FIXED-LENGTH DATA ELEMENTS--GENERAL INFORMATION
fixed length control field 210310s2014 pe gr 000 0 spa d
020 ## - INTERNATIONAL STANDARD BOOK NUMBER
International Standard Book Number 9786124097904
040 ## - CATALOGING SOURCE
Original cataloging agency CO-JMCR
Transcribing agency CO-JMCR
041 0# - LANGUAGE CODE
Language code of text/sound track or separate title spa
082 04 - DEWEY DECIMAL CLASSIFICATION NUMBER
Classification number 332.1 /
Item number G643d
Edition number 23
100 1# - MAIN ENTRY--PERSONAL NAME
Personal name González-Tello, Alexis,
Relator term autor
9 (RLIN) 27086
245 14 - TITLE STATEMENT
Title Los dioses del capital. :
Remainder of title ¿Podremos evitar otra crisis financiera mundial? /
260 ## - PUBLICATION, DISTRIBUTION, ETC.
Place of publication, distribution, etc. Perú :
Name of publisher, distributor, etc. Universidad Alas Peruanas,
Date of publication, distribution, etc. 2014.
300 ## - PHYSICAL DESCRIPTION
Extent 397 páginas :
Other physical details ilustraciones y gráficas a color ;
Dimensions 23 cm.
500 ## - GENERAL NOTE
General note Datos biograficos del autor en solapa frontal.
504 ## - BIBLIOGRAPHY, ETC. NOTE
Bibliography, etc. note Bibliografía: páginas 377-398.
505 0# - FORMATTED CONTENTS NOTE
Formatted contents note Contexto político de la reforma financiera. -- El riesgo sistemático bancario y financiero. -- Propuesta ante la crisis: Basilea III. -- La reforma financiera posible. -- Ética y regulación. -- Balance de situación: cinco años después.
520 ## - SUMMARY, ETC.
Summary, etc. LOS DIOSES DEL CAPITAL, ¿Podremos evitar otra crisis mundial?, de Alexis González-Tello, es el fruto de un serio estudio realizado entre París y Lima entre los años 2010 al 2013 que reflexiona en torno al equilibrio del sistema financiero nacional y global. La Universidad de París, a través de su Facultad de Economía, le ha permitido recoger y contrastar los aportes académicos y políticos de notables profesionales de su especialidad.<br/>González- Tello, docente universitario y funcionario de la Superintendencia de Banca y Seguros del Perú, pone los reflectores en la necesidad de regulación internacional y de una reforma financiera que evite que otra crisis de similares dimensiones vuelva a constituir un drama mundial. Las lecciones de la crisis son plasmadas con amplitud de criterio, abundante documentación y rigor intelectual, como lo señala en su Prólogo Fernando Villarán.<br/>Importante aporte para el mundo académico, estudiantes y docentes, como para los gestores financieros y bancarios, también para los políticos que deciden y sobre todo para quienes ejercen el difícil rol de la vigilancia y la supervisión financiera y bancaria.<br/>
650 14 - SUBJECT ADDED ENTRY--TOPICAL TERM
Topical term or geographic name entry element Reforma financiera
9 (RLIN) 7416
650 24 - SUBJECT ADDED ENTRY--TOPICAL TERM
Topical term or geographic name entry element Riesgo financiero
9 (RLIN) 11357
650 24 - SUBJECT ADDED ENTRY--TOPICAL TERM
Topical term or geographic name entry element Riesgo bancario
9 (RLIN) 38780
942 ## - ADDED ENTRY ELEMENTS (KOHA)
Source of classification or shelving scheme Dewey Decimal Classification
Koha item type Books
Existencias
Withdrawn status Lost status Source of classification or shelving scheme Damaged status Not for loan Home library Current library Shelving location Date acquired Source of acquisition Full call number Barcode Date last seen Copy number Price effective from Koha item type
    Dewey Decimal Classification     Biblioteca Pública José María del Castillo y Rada Biblioteca Pública José María del Castillo y Rada General Stacks 04/15/2018 Donación 332.1 / G643d 430000295 05/16/2024 Ej.1 03/10/2021 Books